[Event "Padova op-B 2nd"]
[Site "Padova"]
[Date "1999.12.12"]
[Round "2.36"]
[White "Broccardo, Nicola"]
[Black "Catti, Patrick"]
[Result "1-0"]
[WhiteElo "1579"]
[BlackElo "1491"]
[PlyCount "83"]
[EventDate "1999.12.11"]
[EventType "swiss"]
[EventRounds "6"]
[EventCountry "ITA"]
[SourceTitle "EXT 2024"]
[Source "ChessBase"]
[SourceDate "2023.10.10"]
[SourceVersion "1"]
[SourceVersionDate "2023.10.10"]
[SourceQuality "1"]

1. Nf3 d5 2. b3 Nf6 3. Bb2 Nc6 4. e3 a6 5. Bxf6 gxf6 6. d4 e5 7. Be2 e4 8. Nfd2 f5 9. c4 Be6 10. cxd5 Bxd5 11. Nc3 Bb4 12. Qc2 Rg8 13. g3 Qd6 14. Nxd5 Qxd5 15. Qc4 Qa5 16. Qc2 0-0-0 17. Rd1 Bc3 18. 0-0 f4 19. Nxe4 Bxd4 20. exd4 Nxd4 21. Rxd4 Rxd4 22. Nf6 Rgd8 23. Bg4+ Kb8 24. Rc1 Rd2 25. Qc4 Qb6 26. Qxf4 Ka7 27. Rxc7 Rxf2 28. Qxf2 Qxf2+ 29. Kxf2 Rd2+ 30. Be2 Rxa2 31. Nxh7 Ra3 32. b4 Kb6 33. Rxf7 Rc3 34. Ng5 Rb3 35. Bf3 Rb2+ 36. Ke3 Rxb4 37. Rxb7+ Ka5 38. Rxb4 Kxb4 39. Bd5 a5 40. Kd4 a4 41. h4 a3 42. h5 1-0